01240nab a22002777a 4500999001500000003000400015005001700019008004100036040000700077100002700084245008400111260007300195300001300268500003500281505020900316505008100525650002300606650002400629650002300653650003200676650003200708650003400740650002000774773015500794942001300949 c6450d6450OSt20260204115523.0190429b xxu||||| |||| 00| 0 spa d cPJ aSotile, Patricia9651213a Abuso sexual coactivo en contexto de violencia económica /cPatricia Sotile. cCiudad Autónoma de Buenos Aires :aThomson Reuters La Ley, b2024. ap. 85-93 aCita Online: AR/DOC/2947/2023. aSumario: I. Introducción. Hechos del caso.— II. Abuso sexual coactivo en contexto de violencia de género.— III. Violencia económica. Su regulación, alcance y comprensión.— V. Conclusión. tSi te interesa el texto completo, solicitalo a koha@justierradelfuego.gov.ar 09343aDERECHO PENAL 092348aPROCESO PENAL 092903aABUSO SEXUAL 093053aVIOLENCIA DE GÉNERO 095360aVIOLENCIA ECONÓMICA 094044aPERSPECTIVA DE GÉNERO 095369aCÓNYUGE0 0265893164tRevista de derecho penal y criminología. Nº 2 - Marzo 2024dCiudad Autónoma de Buenos Aires : Thomson Reuters La Ley, 2017-x00347914 2udccANA